Compilers : principles, techniques and tools (Record no. 175560)
[ view plain ]
| 000 -LEADER | |
|---|---|
| fixed length control field | 00465nam a2200157Ia 4500 |
| 008 - FIXED-LENGTH DATA ELEMENTS--GENERAL INFORMATION | |
| fixed length control field | 231217s9999 xx 000 0 und d |
| 041 ## - LANGUAGE CODE | |
| Language code of text/sound track or separate title | English |
| 082 ## - DEWEY DECIMAL CLASSIFICATION NUMBER | |
| Classification number | 001.6425 AHO;22 |
| 100 ## - MAIN ENTRY--PERSONAL NAME | |
| Personal name | Aho, Alfred V.Sethi, Ravi. Ullman, Jeffrey D. |
| 245 #0 - TITLE STATEMENT | |
| Title | Compilers : principles, techniques and tools |
| 260 ## - PUBLICATION, DISTRIBUTION, ETC. | |
| Date of publication, distribution, etc. | 1986 |
| Name of publisher, distributor, etc. | Pearson |
| Place of publication, distribution, etc. | Delhi |
| 300 ## - PHYSICAL DESCRIPTION | |
| Extent | x+796 |
| 500 ## - GENERAL NOTE | |
| General note | Content page available |
| 650 ## - SUBJECT ADDED ENTRY--TOPICAL TERM | |
| Topical term or geographic name entry element | Compilers,:,principles,,techniques,tools |
| 942 ## - ADDED ENTRY ELEMENTS (KOHA) | |
| Koha item type | Books |
| Date last seen | Total checkouts | Full call number | Accession number | Date due | Date last checked out | Uniform resource identifier | Cost, total (INR) price | Price effective from | Category | Lost status | Damaged status | Department | Withdrawn status | Home library | Current library | Shelving location | Entry date | Vendor | Cost, normal purchase price | Grants | Billnumber | Billdate | Currency symbol | Conversion rate | Discount | Old discount | Total renewals |
|---|---|---|---|---|---|---|---|---|---|---|---|---|---|---|---|---|---|---|---|---|---|---|---|---|---|---|---|
| 02/04/2024 | 1 | 001.6425 AHO;22 | 36248 | 03/03/2021 | 02/04/2024 | digital/contents/45667.pdf | 319.20 | 26/01/2024 | Books | Central Library | Central Library | Central Library | Central Library | 13/06/2005 | Sapna Book House | 399.00 | IS | 27804 | 29/10/2002 | RS | 1 | 79.8 | 20 | ||||
| 26/01/2024 | 001.6425 AHO;23 | 36249 | digital/contents/45667.pdf | 319.20 | 26/01/2024 | Books | Central Library | Central Library | Central Library | Central Library | 13/06/2005 | Sapna Book House | 399.00 | IS | 27804 | 29/10/2002 | RS | 1 | 79.8 | 20 | |||||||
| 26/01/2024 | 001.6425 AHO;24 | 36250 | digital/contents/45667.pdf | 319.20 | 26/01/2024 | Books | Central Library | Central Library | Central Library | Central Library | 13/06/2005 | Sapna Book House | 399.00 | IS | 27804 | 29/10/2002 | RS | 1 | 79.8 | 20 | |||||||
| 26/01/2024 | 001.6425 AHO | 38557 | digital/contents/45667.pdf | 319.20 | 26/01/2024 | Books | CS | Central Library | Central Library | CS | 12/11/2005 | Sapna Book House | 399.00 | CS/PG | 6 | 08/09/2004 | RS | 1 | 79.8 | 20 | |||||||
| 29/08/2024 | 1 | 001.6425 AHO | 38558 | 04/07/2024 | digital/contents/45667.pdf | 319.20 | 26/01/2024 | Books | Central Library | Central Library | Central Library | Central Library | 12/11/2005 | Sapna Book House | 399.00 | CS/PG | 6 | 08/09/2004 | RS | 1 | 79.8 | 20 | 1 |
